000 00734nam a2200301 a 4500
003 AR-BaBNM
005 20251128205708.0
008 082120s2002 ||||||||||||||000 | spa||
020 _a84-254-0581-5
040 _cAR-BaBNM
100 1 _aLaeng, Mauro
245 0 0 _aVocabulario de pedagogía
250 _a3ª ed.
260 _aBarcelona
_bHerder
_c1982
300 _a305 p.
500 _aIndice analítico: p. 299-305
650 4 _aVOCABULARIO
650 4 _aPEDAGOGIA
650 4 _aEDUCACION
650 4 _aSINONIMOS
650 4 _aANTONIMOS
650 4 _aESQUEMAS CONCEPTUALES
650 4 _aTERMINOLOGIA
655 _aREFERENCIA
700 1 _aRoselló, Genovart C.
_etraductor
942 _cBK
998 _carturo
999 _c12437
_d12437